000 00859cab a2200229 4500
001 WB3218-30
008 090401t1996 xxu||||| |||| 00| 0 eng d
035 _a(Sirsi) u58022
041 _aeng
245 _aRent review
260 _c1996
350 _a0
490 _aEstates Gazette Case Summaries
_v1996 EGCS 72(1), (4/5/96)
520 _a"Bath House Estates Ltd v Crown Estate Commissioners" ChD 22 April 1996. Both parties entered into a deed varying the terms of a lease of a commercial premises. Questions arose in connection with a rent review for resolution by the court. Orders accordingly.
650 _aBATH HOUSE ESTATES LTD V CROWN ESTATE COMMISSIONERS
650 _aDEED OF VARIATION
650 _aLEASES
650 _aRENT REVIEW
690 _aLANDLORD AND TENANT-CASE LAW-BUSINESS TENANCIES
942 _n0
948 _c04/03/1997
999 _c35402
_d35402